<?xml version="1.0" encoding="UTF-8"?>
<marc:record xmlns:marc="http://www.loc.gov/MARC21/slim">
   <marc:leader>00000nam a2200000 a 4500</marc:leader>
   <marc:datafield ind1="1" ind2=" " tag="100">
      <marc:subfield code="a">Meyer, Till</marc:subfield>
      <marc:subfield code="4">aut</marc:subfield>
      <marc:subfield code="e">Verfasser/-in</marc:subfield>
   </marc:datafield>
   <marc:datafield ind1=" " ind2=" " tag="653">
      <marc:subfield code="a">Klasse-5</marc:subfield>
   </marc:datafield>
   <marc:datafield ind1=" " ind2=" " tag="653">
      <marc:subfield code="a">Antolin</marc:subfield>
   </marc:datafield>
   <marc:datafield ind1="0" ind2="0" tag="245">
      <marc:subfield code="a">Wölfe</marc:subfield>
   </marc:datafield>
   <marc:datafield ind1="0" ind2="0" tag="245">
      <marc:subfield code="b">Im Revier der grauen Jäger</marc:subfield>
   </marc:datafield>
   <marc:datafield ind1=" " ind2="1" tag="264">
      <marc:subfield code="b">Tessloff</marc:subfield>
      <marc:subfield code="c">2013</marc:subfield>
   </marc:datafield>
   <marc:datafield ind1="1" ind2=" " tag="490">
      <marc:subfield code="a">Was ist Was</marc:subfield>
   </marc:datafield>
   <marc:datafield ind1="1" ind2=" " tag="520">
      <marc:subfield code="a">Im Märchen gelten Wölfe als grobe und gefährliche Tiere, die in tiefschwarzer Nacht den Mond anheulen und sich hinterlistig auf ihre wehrlose Beute stürzen. Zu unrecht! Wölfe sind eher scheue Tiere, die heute sogar in der Nähe von Städten oder Autobahnen leben. Können uns die Raubtiere dennoch gefährlich werden? Und wie verhält man sich, wenn man einem Wolf begegnet? Der WAS IST WAS Band gibt einen umfassenden Einblick in die Welt der grauen Jäger und beweist, dass der Wolf in Deutschland durchaus eine Chance verdient hat.</marc:subfield>
   </marc:datafield>
   <marc:datafield ind1=" " ind2=" " tag="020">
      <marc:subfield code="a">9783788620554</marc:subfield>
      <marc:subfield code="9">9783788620554</marc:subfield>
   </marc:datafield>
</marc:record>
